000 00279nam a22001337a 4500
008 170609b xxu||||| |||| 00| 0 eng d
020 _a9780446532686
041 _aeng
080 _a32
100 _a19
101 _ashp
245 _aAMERICA
_cJEFFERSON, TH
942 _2udc
_cBK
999 _c16703
_d16703